| 000 | 01104nmm a2200325 a 4500 | ||
|---|---|---|---|
| 001 | ocm0002347774 | ||
| 003 | TR-IsHL | ||
| 005 | 20201028190308.0 | ||
| 008 | 191224s2019 tu tur | ||
| 007 | cr cn | ||
| 020 | _a9786052118436 | ||
| 035 |
_a2347774 _b(N$T) |
||
| 050 | 0 | 4 |
_aQA76.76 _b.D55 2019 |
| 090 | 0 | 4 |
_aQA76.76 _b.D55 2019 |
| 100 | 1 | _aDikici, Murat | |
| 245 | 1 | 0 |
_aAndroid oyun programlama _h[electronic resource] / _cMurat Dikici ; yayına hazırlık Merve Nur Şengül ; editörler İrem Soylu Gizem Aksan |
| 250 | _a1. Baskı | ||
| 260 |
_aİstanbul : _bKODLAB Yayın Dağıtım, _c2019 |
||
| 300 | _a330 p. | ||
| 500 | _aBibliyografya var. | ||
| 650 | 4 | _aMühendislik ve Teknoloji | |
| 650 | 4 | _aEngineering and Technology | |
| 650 | 0 | _aProgramlama (Bilgisayarlar) | |
| 650 | 0 | _aProgramming (Computers) | |
| 650 | 7 |
_aCOMPUTERS / Programming / General _2bisacsh |
|
| 700 | 1 | _aŞengül, Merve Nur | |
| 700 | 1 | _aSoylu, İrem | |
| 700 | 1 | _aAksan, Gizem | |
| 856 | 4 | 0 | _uhttp://search.ebscohost.com/login.aspx?direct=true&scope=site&db=e011xww&AN=2347774 |
| 999 |
_c21853 _d21853 |
||